[Event "HCL-A035"]
[Site "www.playchess.de"]
[Date "2001.03.31"]
[Round "4"]
[White "bondegnasker"]
[Black "mel"]
[WhiteElo "1609"]
[BlackElo "1700"]
[PlyCount "79"]
[Result "1-0"]

1.d4 h6 2.e4 e6 3.Nf3 b6 4.Be2 Bb7 5.Nbd2 Qe7 
6.O-O Nc6 7.d5 exd5 8.exd5 Ne5 9.Nxe5 O-O-O 
10.Ndf3 f6 11.Ng6 Qf7 12.Nxh8 Qh5 13.c4 Bd6 14.h3 
Ne7 15.Nd4 Qe5 16.f4 Qxd4+ 17.Qxd4 Bc5 18.Qxc5 
bxc5 19.Nf7 Rg8 20.Nd6+ cxd6 21.Bd3 f5 22.Re1 Kd8 
23.Bd2 Rf8 24.Ba5+ Ke8 25.Re3 Kf7 26.Rae1 Ng6 
27.Bc7 Nxf4 28.Bxd6 Nxd3 29.Rxd3 Bc8 30.Bxf8 Kxf8 
31.Rb3 Ba6 32.Rb8+ Kf7 33.b3 Kf6 34.Kf2 Kg5 35.g3 
h5 36.Kf3 g6 37.h4+ Kf6 38.Kf4 Kf7 39.Kg5 Kg7 
40.Re7+ 1-0

[Event "HCL-A035"]
[Site "www.playchess.de"]
[Date "2001.03.31"]
[Round "7"]
[White "sazex"]
[Black "bondegnasker"]
[WhiteElo "1466"]
[BlackElo "1609"]
[PlyCount "61"]
[Result "1-0"]

1.e4 e6 2.d4 d5 3.Nc3 Bb4 4.e5 Qd7 5.Qg4 f5 6.Qg3 
b6 7.a3 Bf8 8.Nf3 Bb7 9.Nd2 Nc6 10.Nf3 O-O-O 
11.Bg5 Re8 12.O-O-O h6 13.Bd2 g5 14.h3 Nge7 15.Bb5 
a6 16.Bd3 Rg8 17.Ne2 Kb8 18.Bc3 Nc8 19.Rhe1 b5 
20.h4 g4 21.Nd2 Nb6 22.Nb3 Nc4 23.Nf4 Qf7 24.h5 
Be7 25.Nc5 Bg5 26.Bxc4 bxc4 27.Kb1 Bxf4 28.Qxf4 
Rg5 29.Reh1 Rxh5 30.Rxh5 Qxh5 31.Nd7+ 1-0

[Event "HCL-A035"]
[Site "www.playchess.de"]
[Date "2001.03.31"]
[Round "8"]
[White "princesa"]
[Black "sazex"]
[WhiteElo "1700"]
[BlackElo "1466"]
[PlyCount "32"]
[Result "0-1"]

1.e4 e5 2.Nf3 Nc6 3.d4 exd4 4.Nxd4 Nf6 5.Nc3 Bb4 
6.Bg5 h6 7.Nxc6 bxc6 8.Bxf6 Qxf6 9.Qd2 O-O 10.Bd3 
d5 11.O-O d4 12.e5 Qh4 13.g3 Qe7 14.Bh7+ Kxh7 
15.Qxd4 Bf5 16.a3 Ba5 0-1

[Event "HCL-A035"]
[Site "www.playchess.de"]
[Date "2001.03.31"]
[Round "9"]
[White "sazex"]
[Black "BENEVOLENTONE"]
[WhiteElo "1466"]
[BlackElo "1600"]
[PlyCount "63"]
[Result "1-0"]

1.e4 e6 2.d4 d5 3.Nc3 c5 4.dxc5 Bxc5 5.exd5 Qh4 
6.Bb5+ Bd7 7.Qe2 Nf6 8.Bxd7+ Nbxd7 9.dxe6 fxe6 
10.Qxe6+ Be7 11.Nf3 Nc5 12.Qxe7+ Kxe7 13.Nxh4 Kf7 
14.Be3 Ncd7 15.Rd1 Ne5 16.Nf5 Nc4 17.Rd4 Nxb2 
18.Bc1 Rhe8+ 19.Ne2 Rac8 20.Nd6+ Kg6 21.Nxe8 Rxc2 
22.Nd6 Rxc1+ 23.Nxc1 a5 24.Nxb7 a4 25.a3 Kf5 
26.O-O Ke5 27.Ne2 Nd5 28.Rc1 Ne7 29.Rd6 Nf5 
30.Rc5+ Ke4 31.f3+ Ke3 32.Re5+ 1-0

[Event "HCL-A035"]
[Site "www.playchess.de"]
[Date "2001.03.31"]
[Round "10"]
[White "mel"]
[Black "sazex"]
[WhiteElo "1700"]
[BlackElo "1466"]
[PlyCount "40"]
[Result "0-1"]

1.d3 f5 2.b3 e5 3.Bb2 Nc6 4.g3 Bc5 5.Bg2 d5 6.e3 
Nf6 7.Nh3 O-O 8.O-O d4 9.e4 fxe4 10.Bc1 Bg4 11.Qd2 
e3 12.fxe3 dxe3 13.Qe1 e2+ 14.Rf2 Bxh3 15.Bg5 Ng4 
16.Nd2 Rxf2 17.Bxh3 Rxh2+ 18.d4 Qxd4+ 19.Be3 Qxe3+ 
20.Qf2 Qxf2+ 0-1

[Event "HCL-A035"]
[Site "www.playchess.de"]
[Date "2001.03.31"]
[Round "13"]
[White "BENEVOLENTONE"]
[Black "schlueter"]
[WhiteElo "1600"]
[BlackElo "1700"]
[PlyCount "95"]
[Result "0-1"]

1.c3 d5 2.d4 g6 3.Nf3 Bg7 4.Qb3 Nf6 5.Ne5 O-O 
6.Bg5 c6 7.f3 Nbd7 8.Nd3 h6 9.Bxf6 Nxf6 10.g4 h5 
11.h3 Qd6 12.Ne5 b5 13.g5 Nd7 14.f4 Nxe5 15.dxe5 
Qc7 16.Nd2 Bf5 17.Bg2 a5 18.e4 dxe4 19.Bxe4 a4 
20.Qc2 Bxe4 21.Nxe4 Rfd8 22.Qg2 Qb6 23.Ke2 Rd7 
24.b4 axb3 25.e.p axb3 26.Rda7 Rxa7 27.Rxa7 Rd1 
28.Ra2+ Nd2 29.Qc5 Rc1 30.b4 c4 31.Qd4 Rd1 32.Qxf4 
Qxc6 33.Qxe5+ Kf3 34.Qf5+ Ke3 35.Qxh3+ Nf3 36.Qe6+ 
Qxe6 37.fxe6 Rd8+ 38.Kf7 c5 39.Rc2 Rd4 40.Bxd4+ 
Kxd4 41.Kg7 Ne5 42.h4 c6 43.h3 Kd3 44.Rc3+ Kd4 
45.h2 Nd3 46.h1Q Nxb4 47.Qf3 c7 
48.Qe3+ 0-1

[Event "HCL-A035"]
[Site "www.playchess.de"]
[Date "2001.03.31"]
[Round "14"]
[White "schlueter"]
[Black "mel"]
[WhiteElo "1700"]
[BlackElo "1700"]
[PlyCount "75"]
[Result "1-0"]

1.f4 f6 2.Nf3 c6 3.e3 Nh6 4.b3 e6 5.Bb2 Be7 6.Be2 
O-O 7.O-O b5 8.c4 b4 9.d4 a5 10.e4 Bb7 11.Bd3 Na6 
12.Bc1 Qb6 13.c5 Nxc5 14.dxc5 Bxc5+ 15.Kh1 Bd4 
16.Nxd4 Qxd4 17.Qc2 Ng4 18.Bb2 Ne3 19.Bxd4 Nxc2 
20.Bxc2 d6 21.Nd2 c5 22.Bb2 d5 23.e5 f5 24.Bd3 Rf7 
25.Nf3 h6 26.a3 d4 27.axb4 cxb4 28.Bc4 Bc8 29.Nxd4 
Re7 30.Nxf5 Rea7 31.Nd6 Bd7 32.f5 Kh7 33.fxe6 Bc6 
34.Rf7 Rxf7 35.exf7 Rd8 36.e6 Rxd6 37.f8Q Rd2 
38.Qxg7+ 1-0

[Event "HCL-A035"]
[Site "www.playchess.de"]
[Date "2001.03.31"]
[Round "15"]
[White "sazex"]
[Black "schlueter"]
[WhiteElo "1466"]
[BlackElo "1700"]
[PlyCount "49"]
[Result "1-0"]

1.e4 e5 2.Nf3 Nc6 3.Bb5 a6 4.Ba4 Nf6 5.O-O Be7 
6.Re1 b5 7.Bb3 O-O 8.c3 d5 9.exd5 Nxd5 10.Nxe5 
Nxe5 11.Rxe5 Nf6 12.d4 Bd6 13.Re1 Ng4 14.h3 Qh4 
15.Qf3 h5 16.Re2 Nf6 17.Re5 Bxe5 18.dxe5 Qe4 
19.exf6 Qe1+ 20.Kh2 Qxc1 21.Qxa8 Qxb2 22.Qe4 gxf6 
23.Qg6+ Kh8 24.Qxf6+ Kg8 25.Nd2 1-0

[Event "HCL-A035"]
[Site "www.playchess.de"]
[Date "2001.03.31"]
[Round "16"]
[White "Werner"]
[Black "bondegnasker"]
[WhiteElo "1800"]
[BlackElo "1609"]
[PlyCount "83"]
[Result "1-0"]

1.e4 e6 2.d4 d5 3.Nc3 Bb4 4.e5 Qd7 5.Qg4 f5 6.Qh5+ 
Qf7 7.Qxf7+ Kxf7 8.Bd2 Bxc3 9.Bxc3 b6 10.Nf3 h6 
11.b4 Ne7 12.Bd3 Ba6 13.b5 Bb7 14.a4 a6 15.O-O 
axb5 16.axb5 Nd7 17.h4 g6 18.Bd2 Kg7 19.Kh2 Rhb8 
20.Bb4 Kf7 21.Bd2 Kg7 22.Rfd1 Bc8 23.Bb4 Kf7 
24.Rdg1 Bb7 25.Rxa8 Rxa8 26.Bxe7 Kxe7 27.g4 Kf7 
28.h5 gxh5 29.gxf5 exf5 30.Nh4 Nf8 31.Nxf5 Ne6 
32.Nxh6+ Ke7 33.Bf5 Rh8 34.Ng8+ Kf7 35.Bxe6+ Kxe6 
36.Rg7 c6 37.Kg3 Kf5 38.Kf3 cxb5 39.Ne7+ Ke6 
40.Ng6 Rb8 41.Kf4 Bc8 42.Nf8+ 1-0

[Event "HCL-A035"]
[Site "www.playchess.de"]
[Date "2001.03.31"]
[Round "18"]
[White "Werner"]
[Black "BENEVOLENTONE"]
[WhiteElo "1800"]
[BlackElo "1600"]
[PlyCount "67"]
[Result "1-0"]

1.e4 e6 2.d4 d5 3.Nc3 Bb4 4.e5 c5 5.a3 Ba5 6.b4 
cxb4 7.Nb5 b3+ 8.c3 Bd7 9.Nd6+ Ke7 10.Qf3 f6 
11.Qg3 g5 12.exf6+ Nxf6 13.Bxg5 Rg8 14.Bxf6+ Kxf6 
15.Qf3+ Ke7 16.Nxb7 Qc7 17.Nxa5 Qxa5 18.Qd3 Rg6 
19.Rb1 Qxa3 20.Qd1 Ba4 21.Qh5 b2 22.Qxh7+ Kf6 
23.Kd2 Nc6 24.Nf3 Qa1 25.Bd3 Qa3 26.Qxg6+ Ke7 
27.Rhe1 Nd8 28.Qg7+ Kd6 29.Qf8+ Kc7 30.Qxa3 Bc6 
31.Qe7+ Bd7 32.Ne5 Kb6 33.Rxb2+ Ka5 
34.Qb4+ 1-0

[Event "HCL-A035"]
[Site "www.playchess.de"]
[Date "2001.03.31"]
[Round "19"]
[White "mel"]
[Black "Werner"]
[WhiteElo "1700"]
[BlackElo "1800"]
[PlyCount "62"]
[Result "0-1"]

1.e3 d5 2.b3 e5 3.Bb2 Bd6 4.Nc3 c6 5.Qe2 Nf6 
6.O-O-O O-O 7.h3 b5 8.g4 b4 9.Na4 Ba6 10.d3 Bb5 
11.g5 Nfd7 12.h4 Bxa4 13.bxa4 Nc5 14.c3 bxc3 
15.Bxc3 Nxa4 16.Qc2 Nxc3 17.Qxc3 d4 18.Qb3 Nd7 
19.e4 Rb8 20.Qc2 Ba3+ 21.Kd2 Rb2 22.Qxb2 Qa5+ 
23.Ke2 Bxb2 24.Nh3 Qxa2 25.Kf3 f5 26.Kg3 fxe4 
27.dxe4 Nc5 28.Bg2 Qb3+ 29.f3 Nxe4+ 30.Kg4 Qe6+ 
31.Kh5 Ng3+ 0-1

[Event "HCL-A035"]
[Site "www.playchess.de"]
[Date "2001.03.31"]
[Round "20"]
[White "Werner"]
[Black "sazex"]
[WhiteElo "1800"]
[BlackElo "1466"]
[PlyCount "57"]
[Result "1-0"]

1.e4 e5 2.f4 exf4 3.Nf3 g5 4.Bc4 Bg7 5.O-O h6 6.d4 
d6 7.c3 Nc6 8.Qa4 Kf8 9.b4 f5 10.exf5 Nce7 11.Bd3 
Nxf5 12.Na3 Nge7 13.Qb3 Bf6 14.Nc2 d5 15.Bb2 Kg7 
16.Rae1 Re8 17.Ne5 Nd6 18.b5 Be6 19.Nb4 Bxe5 
20.Rxe5 Qd7 21.c4 dxc4 22.d5 cxb3 23.dxe6 Qd8 
24.Rxg5+ Kf8 25.Bg7+ Kg8 26.Bxh6+ Kh8 27.Bg7+ Kg8 
28.Bf6+ Kf8 29.Rxf4 1-0

[Event "HCL-A035"]
[Site "www.playchess.de"]
[Date "2001.03.31"]
[Round "21"]
[White "schlueter"]
[Black "Werner"]
[WhiteElo "1700"]
[BlackElo "1800"]
[PlyCount "32"]
[Result "0-1"]

1.d4 Nf6 2.Nc3 d5 3.e4 dxe4 4.f3 exf3 5.Qxf3 c6 
6.Bd3 Qxd4 7.Nge2 Qh4+ 8.g3 Qg4 9.Qf2 e5 10.Be3 e4 
11.Bc4 b5 12.Bxb5 cxb5 13.O-O-O a6 14.Bb6 Nbd7 
15.Nf4 Bb7 16.Rhe1 Bb4 0-1